000 00446nam a22001697a 4500
999 _c115638
_d115638
003 OSt
005 20191024164016.0
008 191024b2006 ||||| |||| 00| 0 eng
040 _cNLSIU
082 _a341.481 MUL
100 _993
_aEd by Muller Lars
245 _aThe first 365 days of the United Nations Human Rights Council
260 _bUNHRC
_c2006
300 _a303p
650 _zHuman Rights council
_zUN proposal
942 _2ddc
_cREP